00386pab a2200133 454500008004000000100001800040245009200058260000900150300001500159362001200174650002200186700002000208773002400228180718b2007 xxu||||| |||| 00| 0 eng d aJohnston, Ron aConservative constituency parties' funding and spending in England and Wales, 2004-2005 c2007 ap.392-411. aJul-Sep aPolitical parties aPattie, Charles aPolitical Quarterly